La iglesia del renacimiento y de la reforma. Una revolución religiosa: la reforma protestante

Gardado en:
Detalles Bibliográficos
Autor Principal: Rops, Daniel (Author)
Formato: Libro
Idioma:Lingua castelá
Publicado: Barcelona Luis de Caralt 1957
Edición:1a. ed
Subjects:
Tags: Engadir etiqueta
Sen Etiquetas, Sexa o primeiro en etiquetar este rexistro!

MARC

LEADER 00000cam a2200000 a 4500
001 UCL2603
003 CL-VaPUC
008 031031e19570000SP |||||||||||||||||spa|d
082 0 4 |a 270.6  |b ROP  |2 21 
100 0 |a Rops, Daniel  |e author  |9 479727 
245 1 3 |a La iglesia del renacimiento y de la reforma. Una revolución religiosa: la reforma protestante 
250 |a 1a. ed 
300 |a 604 p 
600 0 |a Lutero, Martín  |d 1483-1546  |9 859309 
942 |c BK 
945 |d 20031031 00:00:00  |a rbrito 
260 |a Barcelona  |b Luis de Caralt  |c 1957 
650 0 |a Cristianismo  |9 257361 
650 0 |a Iglesia Católica  |9 256114 
650 0 |a Renacimiento  |9 255107 
650 7 |a CISMA  |2 CL-VaPUC  |9 399549 
650 7 |a REFORMA RELIGIOSA  |2 CL-VaPUC  |9 257490 
650 0 |a Papas  |9 258738 
650 0 |a Protestantismo  |9 317293 
583 |a last modification  |c 20150713 10:01:35  |k Rodrigo Vera 
999 |c 305877  |d 305875 
952 |0 0  |1 0  |4 0  |6 270_600000000000000_ROP_1957  |7 0  |8 A  |9 370379  |a BIBTEO  |b BIBTEO  |d 2019-11-21  |i 2085224  |o 270.6 ROP 1957  |p 2085224  |r 2025-01-17  |w 2019-11-21  |y BK  |k ICR 
952 |0 0  |1 0  |4 0  |6 270_600000000000000_ROP_1957  |7 0  |8 A  |9 370380  |a BIBTEO  |b BIBTEO  |d 2019-11-21  |i 2085453  |o 270.6 ROP 1957  |p 2085453  |r 2025-01-17  |w 2019-11-21  |y BK  |k ICR 
952 |0 0  |1 0  |3 erd  |4 0  |6 270_600000000000000_ROP_1957  |7 0  |8 A  |9 370383  |a BIBTEO  |b BIBTEO  |e Villagrán Garnham, Jorge  |i 5187370  |o 270.6 ROP 1957  |p 5187370  |r 2025-01-17  |w 2019-11-21  |y BK  |z Catalogado en:20150728  |k ICR 
952 |0 0  |1 0  |3 erd  |4 0  |6 270_600000000000000_ROP_1957  |7 0  |8 A  |9 370384  |a BIBTEO  |b BIBTEO  |e Villagrán Garnham, Jorge  |i 5185637  |o 270.6 ROP 1957  |p 5185637  |r 2025-01-17  |w 2019-11-21  |y BK  |z Catalogado en:20150728  |k ICR